| 000 | 00410nam a2200121 i 4500 | ||
|---|---|---|---|
| 001 | 190182 | ||
| 003 | ES-MaACL | ||
| 005 | 20230906223647.0 | ||
| 008 | 200908s1876 sp |||| | spa d | ||
| 245 | 0 | 0 | _aReseña de los baños de mar y establecimientos balnearios situados en las provincias del norte de España y del medio día de Francia. |
| 260 |
_aMadrid : _b[s.n.], _c1876. |
||
| 852 |
_aES-MaACL _jT-643-F-7 |
||
| 999 |
_c190182 _d190182 |
||